000 00631nam a2200181 i 4500
001 95626
003 ES-MaACL
005 20230906181737.0
007 t|
008 050601s1931 sp ||||1| spa d
100 1 _aLlanos y Torriglia, Félix de,
_d1868-1949
_972719
245 1 3 _aLa Academia Americana de Artes y Letras de New York
_b: inaguración de un nuevo edificio /
_cDiscurso leido por D. Félix de Llanos y Torriglia.
260 _aMadrid :
_bTip. Archivos,
_c1931.
300 _a20 p. ;
_c25 cm.
500 _aPrecede al tít. Academia de la Historia.
852 _aES-MaACL
_j1756-F-13
999 _c95626
_d95626